The ethics and conduct of lawyers in England and Wales (Record no. 108902)
[ view plain ]
| 000 -LEADER | |
|---|---|
| fixed length control field | 01730cam a22002775a 4500 |
| 001 - CONTROL NUMBER | |
| control field | L145760 |
| 008 - FIXED-LENGTH DATA ELEMENTS--GENERAL INFORMATION | |
| fixed length control field | 081106s2008 xxkd f g 000 0 eng d |
| 020 ## - INTERNATIONAL STANDARD BOOK NUMBER | |
| International Standard Book Number | 9781841137087 |
| 035 ## - SYSTEM CONTROL NUMBER | |
| System control number | (Sirsi) u145760 |
| 041 0# - LANGUAGE CODE | |
| Language code of text/sound track or separate title | eng |
| 050 04 - LIBRARY OF CONGRESS CALL NUMBER | |
| Classification number | 174.30994 $2 22 |
| 100 1# - MAIN ENTRY--PERSONAL NAME | |
| Personal name | Boon, Andrew |
| 245 04 - TITLE STATEMENT | |
| Title | The ethics and conduct of lawyers in England and Wales |
| 250 ## - EDITION STATEMENT | |
| Edition statement | 2nd ed. |
| 260 ## - PUBLICATION, DISTRIBUTION, ETC. | |
| Place of publication, distribution, etc. | Portland |
| Name of publisher, distributor, etc. | Hart Publishing |
| Date of publication, distribution, etc. | 2008 |
| 300 ## - PHYSICAL DESCRIPTION | |
| Extent | xxii, 446p. |
| Other physical details | ill. |
| Dimensions | 25cm. |
| 350 ## - PRICE (NR) (BK AM CF MU VM SE) [OBSOLETE] | |
| Price | 32 |
| 505 2# - FORMATTED CONTENTS NOTE | |
| Formatted contents note | Preface -- Acknowledgements -- Abbreviations -- Table of cases -- Table of statutes -- Professional ethics: ideals; organisation; power; culture -- Professional structures: governance; regulation; discipline; education -- Clients: diligence; conflict of interest; confidentiality; fees -- Wider obligations: individual third parties; collective third parties; public service; employment -- Dispute resolution: litigation; negotiation; advocacy; alternative dispute resolution |
| 520 ## - SUMMARY, ETC. | |
| Summary, etc. | The second edition of this textbook on professional ethics for lawyers maps the regulatory environment in which the legal profession operates and examines the mechanisms of the profession. Explores the conflict between duties to clients and duties to the wider profession, the public and society as a whole. This edition addresses changes to the law, investigates the guiding principles behind the profession and questions whether it is suitably regulated in an environment of continuous change. |
| 521 ## - TARGET AUDIENCE NOTE | |
| Target audience note | Advanced |
| 590 ## - LOCAL NOTE (RLIN) | |
| Local note | KA |
| 651 #4 - SUBJECT ADDED ENTRY--GEOGRAPHIC NAME | |
| Geographic name | England and Wales |
| Chronological subdivision | 1543- |
| 690 ## - LOCAL SUBJECT ADDED ENTRY--TOPICAL TERM (OCLC, RLIN) | |
| Topical term or geographic name as entry element | MANAGEMENT-DISPUTE AVOIDANCE, MANAGEMENT AND RESOLUTION-DISPUTE MANAGEMENT AND RESOLUTION-ADVOCACY |
| 700 1# - ADDED ENTRY--PERSONAL NAME | |
| Personal name | Levin, Jennifer |
| 942 ## - ADDED ENTRY ELEMENTS (KOHA) | |
| Suppress in OPAC | 0 |
| Withdrawn status | Lost status | Source of classification or shelving scheme | Damaged status | Not for loan | Home library | Current library | Shelving location | Date acquired | Cost, normal purchase price | Total Checkouts | Full call number | Barcode | Date last seen | Date last checked out | Copy number | Cost, replacement price | Price effective from | Koha item type |
|---|---|---|---|---|---|---|---|---|---|---|---|---|---|---|---|---|---|---|
| Dewey Decimal Classification | London | London | Books | 06/11/2008 | 30.40 | 10 | 174.30994 BOO | 30076230 | 06/08/2019 | 30/08/2017 | 1 | 30.40 | 06/08/2019 | Book |